| 000 | 01287nam a2200325 c 4500 | ||
|---|---|---|---|
| 003 | BLK | ||
| 005 | 20231220005233.0 | ||
| 008 | 180409b bul|||||r ||||||| ||bul|| | ||
| 010 | _aKNG00118106000 | ||
| 020 |
_a954-540-041-2 _bиздат.: Агата-А |
||
| 040 | _aBLK | ||
| 041 |
_aBUL _cBUL |
||
| 080 |
_aРуска литература _b821.161.1 _x-312.9 _z821.161.1-312.9 |
||
| 100 | 1 |
_aСорокин, Владимир Георгиевич _eпърви автор _9312650 |
|
| 700 |
_aКомогорова, Светлана Николаева _9364272 |
||
| 139 |
_aСорокин, Владимир Георгиевич _bС 51 |
||
| 245 | 1 | 0 |
_aЛед _bРоман _cВладимир Георгиевич Сорокин; прев. от рус. Светлана Николаева Комогорова. |
| 257 | _aRUS | ||
| 260 |
_аСофия _bАгата-А _c2004 _fСофия : АСИ - Панчо Цекин |
||
| 300 |
_a324 с. _c19 см |
||
| 380 | _aX | ||
| 490 | 1 | _aВ огледалото | |
| 500 | _aОриг. загл. Лед / Владимир Сорокин | ||
| 852 | _aЦб 227798 | ||
| 856 | 4 |
_qpdf _u |
|
| 856 | 4 |
_qpdf _u |
|
| 942 |
_cKNG _n0 _01 |
||
| 944 |
_aCR _c29.05.2006 _k _lCRON CRON |
||
| 944 |
_aED _c05.06.2006 _k |
||
| 999 |
_c112731 _d112731 |
||